Alejandro-julio césar. /

Guardado en:
Autor Principal: Plutarco
Formato: Libro
Publicado: Madrid : Aguilar, 1962
Series:Colecci¢n El Globo de Colores1
Etiquetas: Agregar Etiqueta
Sin Etiquetas, Sea el primero en etiquetar este registro!
LEADER 00425nam a22001575a 4500
001 CEM.cems005097
005 20060217000000.0
008 130507s1962##################000#0#####d
003 CEMS
082 0 4 |a 888 
100 1 |a Plutarco 
245 1 0 |a Alejandro-julio césar. / 
260 |a Madrid :  |b Aguilar,  |c 1962 
300 |a 102 p. 
490 0 |a Colecci¢n El Globo de Colores1 
859 |a CEMS  |b BIB. CEMS - 11 de abril  |h 888  |i P745-2  |p 9075.81  |t Ej.1